[Event "HUN-chT 2324"]
[Site "Hungary"]
[Date "2024.02.18"]
[Round "4.4"]
[White "Nemeth, Miklos"]
[Black "Acs, Peter"]
[Result "0-1"]
[WhiteElo "2425"]
[BlackElo "2567"]
[PlyCount "84"]
[EventDate "2023.10.28"]
[EventType "team-tourn"]
[EventRounds "9"]
[EventCountry "HUN"]
[SourceTitle "CB16_2024"]
[SourceDate "2024.04.17"]
[SourceVersion "1"]
[SourceVersionDate "2024.04.17"]
[SourceQuality "1"]
[WhiteTeam "Haladas"]
[BlackTeam "Paks"]
[WhiteTeamCountry "HUN"]
[BlackTeamCountry "HUN"]

1. e4 c5 2. Nf3 d6 3. d4 cxd4 4. Nxd4 Nf6 5. Nc3 Nc6 6. Bg5 e6 7. Bb5 Bd7 8. Qd3 h6 9. Bh4 Be7 10. 0-0-0 Ne5 11. Qe2 a6 12. f4 axb5 13. fxe5 dxe5 14. Ndxb5 0-0 15. Kb1 Ra5 16. Qc4 g5 17. Bf2 Qc8 18. Nd6 Bxd6 19. Qxc8 Rxc8 20. Rxd6 Rxc3 21. Be1 Rcc5 22. Bxa5 Rxa5 23. Rf1 Kg7 24. Rxf6 Kxf6 25. Rxd7 Ra4 26. Rxb7 Rxe4 27. Kc1 Rd4 28. c3 Rd5 29. Rb4 Ke7 30. Re4 f5 31. Re2 f4 32. b4 g4 33. Rd2 h5 34. a4 h4 35. a5 Kd6 36. a6 Kc7 37. a7 Kb7 38. Ra2 Ka8 39. Ra6 e4 40. Rxe6 e3 41. Re7 Rd8 42. b5 h3 0-1

[Event "HUN-ch Rapid"]
[Site "Ajka"]
[Date "2023.07.23"]
[Round "10"]
[White "Acs, Peter"]
[Black "Marosi, Levente"]
[Result "1/2-1/2"]
[WhiteElo "2567"]
[BlackElo "2289"]
[PlyCount "49"]
[EventDate "2023.07.21"]
[EventType "swiss (rapid)"]
[EventRounds "13"]
[EventCountry "HUN"]
[SourceTitle "CBM 215 Extra"]
[Source "ChessBase"]
[SourceDate "2023.09.30"]
[SourceVersion "1"]
[SourceVersionDate "2023.09.30"]
[SourceQuality "1"]

1. e4 c6 2. d4 d5 3. e5 Bf5 4. h4 Qb6 5. Nc3 h5 6. Nge2 e6 7. Ng3 Bg6 8. Nce2 c5 9. Nf4 Bh7 10. Bd3 Bxd3 11. cxd3 g6 12. dxc5 Bxc5 13. 0-0 Nc6 14. Nge2 Nh6 15. b4 Be7 16. Qa4 Qxb4 17. Qc2 Qc5 18. Qa4 Qa5 19. Qb3 Qb4 20. Qc2 Qc5 21. Qa4 Qb4 22. Qc2 Qc5 23. Qa4 Qb4 24. Qc2 Qc5 25. Qa4 1/2-1/2

[Event "HUN-ch Rapid"]
[Site "Ajka"]
[Date "2023.07.23"]
[Round "12"]
[White "Acs, Peter"]
[Black "Urhegyi, Marton"]
[Result "1-0"]
[WhiteElo "2567"]
[BlackElo "2302"]
[PlyCount "81"]
[EventDate "2023.07.21"]
[EventType "swiss (rapid)"]
[EventRounds "13"]
[EventCountry "HUN"]
[SourceTitle "CBM 215 Extra"]
[Source "ChessBase"]
[SourceDate "2023.09.30"]
[SourceVersion "1"]
[SourceVersionDate "2023.09.30"]
[SourceQuality "1"]

1. e4 c5 2. c3 Nf6 3. e5 Nd5 4. d4 cxd4 5. Nf3 Nc6 6. cxd4 d6 7. Bc4 dxe5 8. dxe5 Ndb4 9. Qb3 e6 10. 0-0 Na5 11. Qa4+ Bd7 12. Bb5 Bxb5 13. Qxb5+ Nac6 14. Nc3 a6 15. Qc4 Qd3 16. Qh4 Be7 17. Bg5 Bxg5 18. Nxg5 0-0 19. a3 Nc2 20. Rad1 Qf5 21. Nf3 Rad8 22. Qa4 h6 23. h3 Kh8 24. Ne2 b5 25. Qb3 Qe4 26. Ng3 N6d4 27. Nxe4 Nxb3 28. Nd6 f6 29. Nf7+ Rxf7 30. Rxd8+ Kh7 31. Rd3 Nca1 32. Re3 fxe5 33. Rxe5 Ra7 34. Rxe6 Nc5 35. Rd6 Nab3 36. Re1 a5 37. g4 Kg8 38. Re8+ Kh7 39. Nh4 Ra6 40. Rd7 a4 41. Ree7 1-0

[Event "HUN-ch Rapid"]
[Site "Ajka"]
[Date "2023.07.23"]
[Round "11"]
[White "Margl, Roland"]
[Black "Acs, Peter"]
[Result "1/2-1/2"]
[WhiteElo "2338"]
[BlackElo "2567"]
[PlyCount "81"]
[EventDate "2023.07.21"]
[EventType "swiss (rapid)"]
[EventRounds "13"]
[EventCountry "HUN"]
[SourceTitle "CBM 215 Extra"]
[Source "ChessBase"]
[SourceDate "2023.09.30"]
[SourceVersion "1"]
[SourceVersionDate "2023.09.30"]
[SourceQuality "1"]

1. d4 Nf6 2. c4 c6 3. Nf3 d5 4. cxd5 cxd5 5. Nc3 a6 6. Bf4 Nc6 7. Rc1 e6 8. e3 Be7 9. Ne5 Nd7 10. Nxc6 bxc6 11. Be2 0-0 12. 0-0 g5 13. Bg3 f5 14. f3 c5 15. Na4 cxd4 16. exd4 f4 17. Bf2 Qe8 18. a3 Qh5 19. Re1 Qh6 20. Rc6 Nb8 21. Rxc8 Rxc8 22. Nb6 Nc6 23. Nxc8 Rxc8 24. Bxa6 Rf8 25. Qe2 Nd8 26. b4 Bd6 27. Qb2 g4 28. fxg4 f3 29. g3 Qh3 30. Bf1 Qxg4 31. Qd2 h5 32. Kh1 Rf7 33. a4 h4 34. h3 Qg6 35. Bd3 Qf6 36. g4 Bf4 37. Qb2 Bd6 38. Qd2 Bf4 39. Qb2 Bd6 40. Qd2 Bf4 41. Qb2 1/2-1/2

[Event "HUN-ch Rapid"]
[Site "Ajka"]
[Date "2023.07.21"]
[Round "4"]
[White "Acs, Peter"]
[Black "Nemeth, Zalan"]
[Result "1/2-1/2"]
[WhiteElo "2567"]
[BlackElo "2255"]
[PlyCount "63"]
[EventDate "2023.07.21"]
[EventType "swiss (rapid)"]
[EventRounds "13"]
[EventCountry "HUN"]
[SourceTitle "CBM 215 Extra"]
[Source "ChessBase"]
[SourceDate "2023.09.30"]
[SourceVersion "1"]
[SourceVersionDate "2023.09.30"]
[SourceQuality "1"]

1. e4 e5 2. Nf3 Nf6 3. Nxe5 d6 4. Nf3 Nxe4 5. Nc3 Nxc3 6. dxc3 Be7 7. Be3 Nd7 8. Qd2 Nf6 9. Bd3 0-0 10. 0-0-0 c5 11. Kb1 Qa5 12. Rhe1 Be6 13. c4 Qxd2 14. Rxd2 h6 15. h3 Rad8 16. Bf4 d5 17. cxd5 Nxd5 18. Be5 Nb4 19. b3 Nxd3 20. Rxd3 Rxd3 21. cxd3 Rd8 22. d4 Rd7 23. dxc5 Bxc5 24. Re2 Bf5+ 25. Kb2 Rd1 26. a3 Rb1+ 27. Ka2 Rd1 28. Kb2 a5 29. Bc3 Bb6 30. Re5 Bd7 31. Bxa5 Bxf2 32. Re2 1/2-1/2

[Event "Sharjah Masters 6th"]
[Site "Sharjah"]
[Date "2023.05.22"]
[Round "6"]
[White "Puranik, Abhimanyu Sameer"]
[Black "Acs, Peter"]
[Result "1-0"]
[WhiteElo "2613"]
[BlackElo "2561"]
[PlyCount "113"]
[EventDate "2023.05.17"]
[EventType "swiss"]
[EventRounds "9"]
[EventCountry "UAE"]
[SourceTitle "CBM 215"]
[Source "ChessBase"]
[SourceDate "2023.08.31"]
[SourceVersion "1"]
[SourceVersionDate "2023.08.31"]
[SourceQuality "1"]

1. e4 c5 2. Nf3 d6 3. d4 cxd4 4. Nxd4 Nf6 5. Nc3 Nc6 6. Bg5 e6 7. Qd2 a6 8. 0-0-0 Bd7 9. f4 Be7 10. Nf3 b5 11. Bxf6 gxf6 12. f5 Qb6 13. Kb1 0-0-0 14. Bd3 Kb8 15. Qh6 Qc5 16. Qh5 Rhf8 17. Ne2 Bc8 18. Nf4 d5 19. fxe6 fxe6 20. exd5 Nb4 21. Qxh7 e5 22. a3 Nxd5 23. Nxd5 Rxd5 24. Bf5 Bb7 25. Be4 Rxd1+ 26. Rxd1 Bc8 27. Bf5 Bxf5 28. Qxf5 Qc4 29. Rd7 Rd8 30. Nd2 Qc8 31. Rxd8 Qxd8 32. Nb3 Qd1+ 33. Ka2 Kc7 34. h4 Qd7 35. Qf2 Qe6 36. h5 Bf8 37. Kb1 f5 38. g4 f4 39. Qa7+ Kd8 40. Qb8+ Ke7 41. Nc5 Qd5 42. Qc7+ Ke8 43. Nd3 Bd6 44. Qc8+ Ke7 45. Qf5 Qe6 46. Qh7+ Qf7 47. Qe4 Qc4 48. Qb7+ Ke6 49. h6 e4 50. h7 exd3 51. h8Q dxc2+ 52. Kc1 Qf1+ 53. Kxc2 Qe2+ 54. Kb1 Qf1+ 55. Ka2 Qc4+ 56. b3 Qc2+ 57. Qb2 1-0

[Event "HUN-chT 2223"]
[Site "Hungary"]
[Date "2023.04.23"]
[Round "9.6"]
[White "Aveskulov, Valeriy"]
[Black "Acs, Peter"]
[Result "1-0"]
[WhiteElo "2517"]
[BlackElo "2577"]
[PlyCount "103"]
[EventDate "2022.11.20"]
[EventType "team-tourn"]
[EventRounds "9"]
[EventCountry "HUN"]
[SourceTitle "EXT 2024"]
[Source "ChessBase"]
[SourceDate "2023.10.10"]
[SourceVersion "1"]
[SourceVersionDate "2023.10.10"]
[SourceQuality "1"]
[WhiteTeam "Ajka Sentimento"]
[BlackTeam "Paks"]
[WhiteTeamCountry "HUN"]
[BlackTeamCountry "HUN"]

1. e4 c5 2. c3 d5 3. exd5 Qxd5 4. d4 Nf6 5. Nf3 Bg4 6. dxc5 Qxc5 7. h3 Bh5 8. Be3 Qc7 9. Na3 a6 10. Nc4 Nbd7 11. g4 Bg6 12. g5 Ne4 13. Nh4 e6 14. Nxg6 hxg6 15. Qf3 Nd6 16. Bf4 Rd8 17. Bxd6 Bxd6 18. Qxb7 Rh4 19. Qxc7 Bxc7 20. Rd1 Ke7 21. Be2 Rdh8 22. Ne3 a5 23. Bb5 Ne5 24. Ke2 Bb6 25. Ng4 Nxg4 26. Rd7+ Kf8 27. Rhd1 Nxf2 28. R1d6 Nxh3 29. Rxb6 Kg8 30. Rb8+ Kh7 31. Rxh8+ Kxh8 32. Rxf7 Nxg5 33. Rf8+ Kh7 34. Bc6 Rc4 35. Bg2 Rc5 36. Kd3 e5 37. Re8 Nf7 38. Re6 g5 39. Be4+ g6 40. Rxg6 Kh8 41. c4 Rc7 42. Bd5 Rd7 43. Ke4 Kh7 44. Rf6 Nh6 45. c5 Kg7 46. Rf1 Ng4 47. c6 Re7 48. Rf7+ Rxf7 49. Bxf7 Nf6+ 50. Kd3 e4+ 51. Ke2 Kxf7 52. c7 1-0

[Event "HUN-chT 2223"]
[Site "Hungary"]
[Date "2023.02.19"]
[Round "6.5"]
[White "Varga, Csaba Zoltan"]
[Black "Acs, Peter"]
[Result "0-1"]
[WhiteElo "2360"]
[BlackElo "2577"]
[PlyCount "86"]
[EventDate "2022.11.20"]
[EventType "team-tourn"]
[EventRounds "9"]
[EventCountry "HUN"]
[SourceTitle "CBM 213 Extra"]
[Source "ChessBase"]
[SourceDate "2023.05.31"]
[SourceVersion "1"]
[SourceVersionDate "2023.05.31"]
[SourceQuality "1"]
[WhiteTeam "Biatorbagy"]
[BlackTeam "Paks"]
[WhiteTeamCountry "HUN"]
[BlackTeamCountry "HUN"]

1. c3 Nf6 2. d4 g6 3. Bf4 Bg7 4. Nd2 0-0 5. h3 d6 6. Ngf3 b6 7. a4 Bb7 8. a5 c5 9. e3 cxd4 10. a6 Bd5 11. cxd4 Nbd7 12. Bb5 e5 13. dxe5 dxe5 14. Bh2 Qe7 15. 0-0 Rac8 16. Rc1 Qb4 17. Rxc8 Rxc8 18. Qa4 Qe7 19. Rd1 Nc5 20. Qc2 Ne8 21. e4 Be6 22. Nxe5 Bxe5 23. Bxe5 Nxa6 24. Bc3 Nc5 25. b4 Nd6 26. bxc5 Nxb5 27. Ba1 Rxc5 28. Qb2 f6 29. Nb3 Rc7 30. Rd3 Nd6 31. e5 Nf7 32. exf6 Qb4 33. Rd8+ Nxd8 34. f7+ Kxf7 35. Qg7+ Ke8 36. Qxc7 Qxb3 37. Kh2 Qa4 38. Qe5 Kd7 39. Bd4 Qb4 40. Qg7+ Qe7 41. Qh8 Nf7 42. Qg7 a5 43. f4 Bd5 0-1

[Event "HUN-chT 2223"]
[Site "Hungary"]
[Date "2023.02.12"]
[Round "5.4"]
[White "Acs, Peter"]
[Black "Jankovic, Alojzije"]
[Result "1/2-1/2"]
[WhiteElo "2577"]
[BlackElo "2548"]
[PlyCount "61"]
[EventDate "2022.11.20"]
[EventType "team-tourn"]
[EventRounds "9"]
[EventCountry "HUN"]
[SourceTitle "CBM 213 Extra"]
[Source "ChessBase"]
[SourceDate "2023.05.31"]
[SourceVersion "1"]
[SourceVersionDate "2023.05.31"]
[SourceQuality "1"]
[WhiteTeam "Paks"]
[BlackTeam "Haladas"]
[WhiteTeamCountry "HUN"]
[BlackTeamCountry "HUN"]

1. e4 c5 2. Nf3 a6 3. c3 d5 4. exd5 Nf6 5. c4 e6 6. dxe6 Bxe6 7. Be2 Nc6 8. 0-0 Be7 9. d3 Qc7 10. Bg5 Rd8 11. Nbd2 0-0 12. Re1 Bf5 13. Qb1 Ng4 14. Bxe7 Qxe7 15. a3 Qd6 16. h3 Nge5 17. Ne4 Nxf3+ 18. Bxf3 Qd4 19. Re3 Ne5 20. Be2 Rfe8 21. Qc2 Nxc4 22. Qxc4 Qxc4 23. dxc4 Rxe4 24. Rxe4 Bxe4 25. Rd1 Rxd1+ 26. Bxd1 f6 27. f4 Kf7 28. Kf2 h6 29. Bf3 Bd3 30. Bd5+ Ke7 31. Ke3 1/2-1/2

[Event "BEL-chT 2223"]
[Site "Belgium"]
[Date "2022.10.16"]
[Round "2.1"]
[White "Acs, Peter"]
[Black "Van den Doel, Erik"]
[Result "1-0"]
[WhiteElo "2572"]
[BlackElo "2582"]
[PlyCount "119"]
[EventDate "2022.09.25"]
[EventType "team-tourn"]
[EventRounds "11"]
[EventCountry "BEL"]
[SourceTitle "EXT 2024"]
[Source "ChessBase"]
[SourceDate "2023.10.10"]
[SourceVersion "1"]
[SourceVersionDate "2023.10.10"]
[SourceQuality "1"]
[WhiteTeam "Wachtebeke"]
[BlackTeam "Wirtzfeld"]
[WhiteTeamCountry "BEL"]
[BlackTeamCountry "BEL"]

1. e4 e5 2. Nf3 Nc6 3. d4 exd4 4. Nxd4 Nf6 5. Nxc6 bxc6 6. e5 Qe7 7. Qe2 Nd5 8. h4 Qe6 9. Nd2 Nb4 10. Nf3 Ba6 11. c4 c5 12. Ng5 Qe7 13. Bf4 0-0-0 14. a3 Nc6 15. Nf3 h6 16. 0-0-0 Qe6 17. Qc2 Be7 18. Bd3 Nd4 19. Nxd4 cxd4 20. Be4 Qxc4 21. Qxc4 Bxc4 22. Rxd4 Bb5 23. Kb1 Rhe8 24. Rc1 c6 25. a4 Ba6 26. Bf5 c5 27. Rd5 Bb7 28. Rdxc5+ Bxc5 29. Rxc5+ Kb8 30. e6+ d6 31. exf7 Rf8 32. Be6 Bxg2 33. Rc3 Be4+ 34. Kc1 Bg6 35. Rb3+ Kc7 36. Rg3 Rxf7 37. Bxf7 Bxf7 38. Rxg7 Rf8 39. Bxh6 Kd7 40. Kd2 Ke6 41. Rg6+ Bxg6 42. Bxf8 Be8 43. b3 Ke5 44. Kc3 Bh5 45. b4 Bd1 46. a5 Be2 47. Kd2 Bb5 48. h5 Kf5 49. h6 Kg6 50. Kc3 a6 51. Kd4 Bc6 52. f4 Bf3 53. f5+ Kh7 54. Ke3 Bc6 55. Kf4 Bd7 56. Kg5 d5 57. Bc5 Bb5 58. Bd4 Be8 59. f6 Kg8 60. b5 1-0

[Event "Olympiad-44"]
[Site "Chennai"]
[Date "2022.08.03"]
[Round "6.4"]
[White "Blagojevic, Dragisa"]
[Black "Acs, Peter"]
[Result "1/2-1/2"]
[WhiteElo "2499"]
[BlackElo "2575"]
[PlyCount "38"]
[EventDate "2022.07.29"]
[EventType "team-swiss"]
[EventRounds "11"]
[EventCountry "IND"]
[SourceTitle "CBM 210"]
[Source "ChessBase"]
[SourceDate "2022.10.31"]
[SourceVersion "1"]
[SourceVersionDate "2022.10.31"]
[SourceQuality "1"]
[WhiteTeam "Montenegro"]
[BlackTeam "Hungary"]
[WhiteTeamCountry "MNE"]
[BlackTeamCountry "HUN"]

1. d4 d5 2. c4 c6 3. Nc3 Nf6 4. e3 e6 5. Nf3 Nbd7 6. Qc2 Bd6 7. b3 0-0 8. Be2 b6 9. 0-0 Bb7 10. Bb2 Qe7 11. e4 Nxe4 12. Nxe4 dxe4 13. Qxe4 Ba3 14. Bc3 Bb4 15. Bb2 Ba3 16. Bc3 Bb4 17. Bb2 Ba3 18. Bc3 Bb4 19. Bb2 Ba3 1/2-1/2

[Event "Olympiad-44"]
[Site "Chennai"]
[Date "2022.07.31"]
[Round "3.4"]
[White "Acs, Peter"]
[Black "Bilguun, Sumiya"]
[Result "0-1"]
[WhiteElo "2575"]
[BlackElo "2463"]
[PlyCount "74"]
[EventDate "2022.07.29"]
[EventType "team-swiss"]
[EventRounds "11"]
[EventCountry "IND"]
[SourceTitle "CBM 210"]
[Source "ChessBase"]
[SourceDate "2022.10.31"]
[SourceVersion "1"]
[SourceVersionDate "2022.10.31"]
[SourceQuality "1"]
[WhiteTeam "Hungary"]
[BlackTeam "Mongolia"]
[WhiteTeamCountry "HUN"]
[BlackTeamCountry "MGL"]

1. e4 c5 2. Nf3 d6 3. d4 cxd4 4. Nxd4 Nf6 5. Nc3 a6 6. f4 e5 7. Nb3 Nbd7 8. a4 Be7 9. Be2 0-0 10. 0-0 b6 11. Bf3 Bb7 12. Nd5 Nxd5 13. exd5 Rc8 14. c3 Bf6 15. Be4 g6 16. Qf3 exf4 17. Bxf4 Be5 18. Be3 f5 19. Bc2 Qh4 20. g3 Qc4 21. Rad1 Nf6 22. Nc1 b5 23. Bb3 Qe4 24. axb5 axb5 25. Nd3 Bxd5 26. Nxe5 Bxb3 27. Qxe4 Nxe4 28. Nd7 Bxd1 29. Nxf8 Be2 30. Re1 Kxf8 31. Rxe2 Ra8 32. g4 Kg7 33. gxf5 gxf5 34. Kg2 Kg6 35. Kf3 Rg8 36. Re1 Rg7 37. Rd1 Rb7 0-1

[Event "Olympiad-44"]
[Site "Chennai"]
[Date "2022.07.30"]
[Round "2.4"]
[White "Mehdi, Hasan Parag"]
[Black "Acs, Peter"]
[Result "0-1"]
[WhiteElo "2227"]
[BlackElo "2575"]
[PlyCount "70"]
[EventDate "2022.07.29"]
[EventType "team-swiss"]
[EventRounds "11"]
[EventCountry "IND"]
[SourceTitle "CBM 210"]
[Source "ChessBase"]
[SourceDate "2022.10.31"]
[SourceVersion "1"]
[SourceVersionDate "2022.10.31"]
[SourceQuality "1"]
[WhiteTeam "Bangladesh"]
[BlackTeam "Hungary"]
[WhiteTeamCountry "BAN"]
[BlackTeamCountry "HUN"]

1. e4 c5 2. Nf3 d6 3. d4 cxd4 4. Nxd4 Nf6 5. Nc3 Nc6 6. Bg5 e6 7. Qd2 a6 8. 0-0-0 Bd7 9. f3 Nxd4 10. Qxd4 h6 11. Be3 Bc6 12. g4 d5 13. g5 hxg5 14. Bxg5 dxe4 15. Qe5 Qb8 16. Qd4 exf3 17. h4 Be7 18. h5 Qa7 19. Qf4 Nxh5 20. Qd2 Qc5 21. Be3 Qa5 22. Kb1 Rd8 23. Bd3 Bf6 24. Rh3 Qb4 25. Ka1 g6 26. Rg1 Bd4 27. Rxg6 Bxe3 28. Qxe3 fxg6 29. Qxe6+ Qe7 30. Qxg6+ Kd7 31. Rxh5 Rxh5 32. Qxh5 Qe1+ 33. Nb1 f2 34. Qf7+ Kc8 35. Bf5+ Kb8 0-1

[Event "EU-ch 22nd"]
[Site "Terme Catez"]
[Date "2022.03.28"]
[Round "2"]
[White "Ciolek, Andreas"]
[Black "Acs, Peter"]
[Result "1/2-1/2"]
[WhiteElo "2191"]
[BlackElo "2591"]
[PlyCount "29"]
[EventDate "2022.03.27"]
[EventType "swiss"]
[EventRounds "11"]
[EventCountry "SLO"]
[SourceTitle "CBM 208"]
[Source "ChessBase"]
[SourceDate "2022.06.30"]
[SourceVersion "1"]
[SourceVersionDate "2022.06.30"]
[SourceQuality "1"]

1. d4 Nf6 2. Nf3 g6 3. g3 Bg7 4. Bg2 0-0 5. 0-0 d6 6. b3 c5 7. Bb2 cxd4 8. Nxd4 d5 9. c4 dxc4 10. bxc4 Nbd7 11. Nd2 a6 12. Rc1 e5 13. N4b3 a5 14. a4 Qe7 15. c5 1/2-1/2

[Event "AUT-chT 2122"]
[Site "Austria"]
[Date "2022.03.27"]
[Round "8.6"]
[White "Gschnitzer, Adrian"]
[Black "Acs, Peter"]
[Result "1-0"]
[WhiteElo "2405"]
[BlackElo "2560"]
[PlyCount "131"]
[EventDate "2021.11.04"]
[EventType "team-tourn"]
[EventRounds "11"]
[EventCountry "AUT"]
[SourceTitle "EXT 2023"]
[Source "ChessBase"]
[SourceDate "2022.10.05"]
[SourceVersion "1"]
[SourceVersionDate "2022.10.05"]
[SourceQuality "1"]
[WhiteTeam "Fuerstenfeld/Hartberg"]
[BlackTeam "Jenbach"]
[WhiteTeamCountry "AUT"]
[BlackTeamCountry "AUT"]

1. e4 c5 2. Nf3 d6 3. d4 cxd4 4. Nxd4 Nf6 5. Nc3 Nc6 6. Bg5 e6 7. Qd2 a6 8. 0-0-0 Bd7 9. f4 Be7 10. Nf3 b5 11. Bxf6 gxf6 12. Kb1 Qb6 13. f5 0-0-0 14. g3 Kb8 15. fxe6 fxe6 16. Bh3 Bc8 17. Qh6 Qc5 18. Rhe1 Rhf8 19. Ne2 d5 20. exd5 Rxd5 21. Rxd5 Qxd5 22. Bg2 Rd8 23. Nc3 Qc5 24. Ne4 Qb6 25. g4 Nb4 26. Qxh7 Nd5 27. Qh4 e5 28. Qg3 Nf4 29. g5 Nxg2 30. Qxg2 f5 31. Nxe5 fxe4 32. Qxe4 Bb7 33. Nc6+ Bxc6 34. Qxe7 Qd4 35. a3 Re8 36. Qb4 Rxe1+ 37. Qxe1 Be4 38. g6 Qc4 39. Qf2 Bd5 40. Qb6+ Bb7 41. b3 Qf1+ 42. Kb2 Qf4 43. h4 Qe5+ 44. Ka2 Qc3 45. Qd6+ Ka7 46. Qd3 Qxd3 47. cxd3 Bf3 48. Kb2 Kb6 49. Kc3 Kc5 50. b4+ Kd6 51. g7 Bd5 52. Kd4 Bg8 53. h5 Bh7 54. h6 Bg8 55. Ke4 Ke6 56. d4 Bh7+ 57. Kf4 Kd6 58. Kg5 Ke7 59. Kg4 Ke6 60. Kf4 Kd6 61. Kg5 Ke7 62. d5 Kf7 63. d6 Ke6 64. g8Q+ Bxg8 65. Kg6 Kxd6 66. Kg7 1-0

[Event "AUT-chT 2122"]
[Site "Austria"]
[Date "2022.03.25"]
[Round "6.5"]
[White "Sebenik, Matej"]
[Black "Acs, Peter"]
[Result "1-0"]
[WhiteElo "2509"]
[BlackElo "2560"]
[PlyCount "81"]
[EventDate "2021.11.04"]
[EventType "team-tourn"]
[EventRounds "11"]
[EventCountry "AUT"]
[SourceTitle "EXT 2023"]
[Source "ChessBase"]
[SourceDate "2022.10.05"]
[SourceVersion "1"]
[SourceVersionDate "2022.10.05"]
[SourceQuality "1"]
[WhiteTeam "Raika Feffernitz"]
[BlackTeam "Jenbach"]
[WhiteTeamCountry "AUT"]
[BlackTeamCountry "AUT"]

1. d4 Nf6 2. c4 c6 3. Nc3 d5 4. cxd5 cxd5 5. Bf4 Nc6 6. e3 a6 7. Be2 e6 8. Rc1 Ne4 9. Nf3 Nxc3 10. bxc3 Ba3 11. Rb1 b5 12. 0-0 Bd7 13. e4 dxe4 14. Ng5 Na5 15. Nxe4 Bc6 16. Bd3 Ra7 17. Re1 Qd5 18. Re3 f5 19. Qh5+ Kd8 20. Qg5+ Kc8 21. c4 Qd8 22. cxb5 Bxe4 23. Bxe4 Qxg5 24. Rc3+ Rc7 25. Rxc7+ Kd8 26. Bxg5+ Kxc7 27. Bf4+ Bd6 28. b6+ Kd7 29. Bxd6 Kxd6 30. Bd3 Nc6 31. Bxa6 Nxd4 32. a4 Ra8 33. b7 Rb8 34. f4 Nc6 35. Kf2 Kc5 36. Be2 Nd4 37. a5 Nc6 38. a6 Na7 39. Rd1 Kc6 40. Bc4 Re8 41. Bxe6 1-0

[Event "HUN-chT 2122"]
[Site "Hungary"]
[Date "2022.02.13"]
[Round "6.5"]
[White "Hoang, Thanh Trang"]
[Black "Acs, Peter"]
[Result "1/2-1/2"]
[WhiteElo "2385"]
[BlackElo "2560"]
[PlyCount "68"]
[EventDate "2021.10.10"]
[EventType "team-tourn"]
[EventRounds "9"]
[EventCountry "HUN"]
[SourceTitle "EXT 2023"]
[Source "ChessBase"]
[SourceDate "2022.10.05"]
[SourceVersion "1"]
[SourceVersionDate "2022.10.05"]
[SourceQuality "1"]
[WhiteTeam "Dunaharaszti"]
[BlackTeam "Paks"]
[WhiteTeamCountry "HUN"]
[BlackTeamCountry "HUN"]

1. d4 Nf6 2. Nf3 g6 3. Bf4 Bg7 4. e3 d6 5. h3 c5 6. Nbd2 0-0 7. c3 cxd4 8. exd4 Nc6 9. Be2 e5 10. dxe5 dxe5 11. Nxe5 Nd5 12. Nxc6 bxc6 13. Bg3 Re8 14. 0-0 Bxc3 15. Qc1 Rxe2 16. bxc3 Bf5 17. Nf3 Rc2 18. Qh6 Qf8 19. Qxf8+ Rxf8 20. Rfc1 Rxc3 21. Nd4 Rc8 22. Rxc3 Nxc3 23. Rc1 Nxa2 24. Rxc6 Rxc6 25. Nxc6 Bd7 26. Ne7+ Kf8 27. Nd5 a5 28. Bd6+ Ke8 29. Nf6+ Kd8 30. Nxh7 Bc6 31. Nf6 Nc3 32. h4 a4 33. g4 Ne4 34. Nxe4 Bxe4 1/2-1/2

[Event "HUN-ch 69th"]
[Site "Budapest"]
[Date "2021.12.16"]
[Round "8"]
[White "Aczel, Gergely"]
[Black "Acs, Peter"]
[Result "0-1"]
[WhiteElo "2553"]
[BlackElo "2569"]
[PlyCount "116"]
[EventDate "2021.12.07"]
[EventType "tourn"]
[EventRounds "9"]
[EventCountry "HUN"]
[EventCategory "13"]
[SourceTitle "CBM 206"]
[Source "ChessBase"]
[SourceDate "2022.02.28"]
[SourceVersion "1"]
[SourceVersionDate "2022.02.28"]
[SourceQuality "1"]

1. Nf3 d5 2. g3 g6 3. Bg2 Bg7 4. d4 Nf6 5. 0-0 0-0 6. c4 dxc4 7. Na3 c5 8. Nxc4 Be6 9. Ne3 Nc6 10. Ng5 cxd4 11. Nxe6 fxe6 12. Nc4 Nd5 13. a4 Kh8 14. Bg5 Rb8 15. Qd3 e5 16. h4 Qd7 17. Rac1 Qe6 18. Qb1 Rbc8 19. Nd2 h6 20. Ne4 d3 21. Nc5 Qf7 22. Qxd3 Ndb4 23. Qd7 hxg5 24. Nxb7 Qf5 25. Bh3 Qxd7 26. Bxd7 Rc7 27. Bxc6 Nxc6 28. Na5 Rfc8 29. Rxc6 Rxc6 30. Nxc6 Rxc6 31. hxg5 Kg8 32. Rd1 Kf7 33. Rd7 a6 34. Rb7 e4 35. b4 e3 36. f4 Rc2 37. Kf1 Ke6 38. b5 a5 39. b6 Bd4 40. Rb8 Rb2 41. b7 Ba7 42. Ra8 Rxb7 43. Kg2 Kd5 44. Kf3 Rd7 45. g4 e6 46. Rg8 Rh7 47. Rd8+ Kc4 48. Re8 Rh2 49. Rxe6 Rf2+ 50. Ke4 Rxe2 51. Rxg6 Rg2 52. Rc6+ Bc5 53. Kf3 e2 54. Re6 Rf2+ 55. Kg3 Kd3 56. g6 Be3 57. Rd6+ Kc2 58. Rc6+ Kb2 0-1

[Event "HUN-ch 69th"]
[Site "Budapest"]
[Date "2021.12.09"]
[Round "3"]
[White "Medvegy, Zoltan"]
[Black "Acs, Peter"]
[Result "1/2-1/2"]
[WhiteElo "2527"]
[BlackElo "2569"]
[PlyCount "42"]
[EventDate "2021.12.07"]
[EventType "tourn"]
[EventRounds "9"]
[EventCountry "HUN"]
[EventCategory "13"]
[SourceTitle "CBM 206"]
[Source "ChessBase"]
[SourceDate "2022.02.28"]
[SourceVersion "1"]
[SourceVersionDate "2022.02.28"]
[SourceQuality "1"]

1. d4 d5 2. c4 c6 3. Nc3 Nf6 4. e3 e6 5. Qc2 c5 6. Nf3 a6 7. cxd5 exd5 8. Be2 Nc6 9. 0-0 cxd4 10. exd4 Bd6 11. Bg5 Be6 12. Rad1 0-0 13. Rfe1 Rc8 14. Bh4 h6 15. a3 Be7 16. Qb1 Qb6 17. h3 Rfe8 18. Bf1 Na5 19. Ne5 Nc6 20. Nf3 Na5 21. Ne5 Nc6 1/2-1/2

[Event "HUN-chT 2122"]
[Site "Hungary"]
[Date "2021.12.05"]
[Round "3.5"]
[White "Bagi, Mate"]
[Black "Acs, Peter"]
[Result "0-1"]
[WhiteElo "2476"]
[BlackElo "2560"]
[PlyCount "74"]
[EventDate "2021.10.10"]
[EventType "team-tourn"]
[EventRounds "9"]
[EventCountry "HUN"]
[SourceTitle "EXT 2023"]
[Source "ChessBase"]
[SourceDate "2022.10.05"]
[SourceVersion "1"]
[SourceVersionDate "2022.10.05"]
[SourceQuality "1"]
[WhiteTeam "Ajka Sentimento"]
[BlackTeam "Paks"]
[WhiteTeamCountry "HUN"]
[BlackTeamCountry "HUN"]

1. e4 c5 2. Nf3 d6 3. d4 cxd4 4. Qxd4 Nf6 5. Be2 Nc6 6. Qe3 e6 7. 0-0 Be7 8. c4 0-0 9. Nc3 a6 10. b3 Qa5 11. Bb2 Bd7 12. h3 Rfd8 13. Rfd1 Be8 14. Rac1 Nd7 15. a3 Nde5 16. Nd2 Ng6 17. Nf3 Nge5 18. Nd2 Qc5 19. Qg3 Ng6 20. Nf3 Nce5 21. Nd4 h6 22. f4 Bh4 23. Qe3 Nc6 24. Na4 Qa7 25. c5 Nxd4 26. Bxd4 e5 27. fxe5 dxe5 28. Bb2 Bxa4 29. bxa4 Bg5 30. Qc3 Bxc1 31. Rxc1 Rac8 32. Bg4 Rc6 33. a5 Qb8 34. Kh1 Qc7 35. Bf5 Nf4 36. Rf1 Rxc5 37. Qg3 Nd3 0-1